000 00718na a2200217 4500
001 17544
003 MIRAKIL
005 20181213154943.0
008 161025b tu 000 0
040 _aMilas
_btur
_cTR-AnCHP
041 _atur
082 _a344.017940263
_bB37 1991
090 _a344.017940263 B37 1991
245 _a507 sayılı Esnaf ve Sanatkârlar Kanunu
_b(son değişikliklerle)
246 _a507 sayılı Esnaf ve Sanatkarlar Kanunu
260 _aAnkara
_bTürkiye Şoförler ve Otomobilciler Federasyonu
_c1991
300 _a91 s.
_c16 sm.
650 _aEsnaf ve sanatkarlar
_xHukuk ve mevzuat
_yTürkiye
_zKanunlar
651 _aTürkiye
_xEsnaf ve Sanatkarlar Kanunu, 1964
942 _2ddc
_cBKS
999 _c3798
_d3798